| 000 | 00538nam a22001697a 4500 | ||
|---|---|---|---|
| 003 | OSt | ||
| 005 | 20250919051535.0 | ||
| 008 | 250919b |||||||| |||| 00| 0 eng d | ||
| 020 | _a971-32-0023-3 | ||
| 040 |
_aDWCL-Main Lib _cOC |
||
| 082 | _aCirc. 615.8 Y68 1994 | ||
| 100 | _ayoung, J. | ||
| 245 |
_aAcupressure for health : _ba complete self-care manual |
||
| 260 |
_aPhilippines : _bKadena Books, _cc1994 |
||
| 300 |
_a182 pages : _c 24 cm. |
||
| 942 |
_2ddc _cBK-CIRC _hCirc. 615.8 Y68 1994 _kCirc. _n0 |
||
| 999 |
_c4491 _d4491 |
||